[Event "GER-chT U14"]
[Site "Arendsee"]
[Date "2009.12.28"]
[Round "4.1"]
[White "Mons, Leon"]
[Black "Stoevesand, Eric"]
[Result "1-0"]
[WhiteElo "2119"]
[BlackElo "1889"]
[PlyCount "51"]
[EventDate "2009.12.27"]
[EventType "team-swiss"]
[EventRounds "7"]
[EventCountry "GER"]
[SourceTitle "EXT 2022"]
[Source "ChessBase"]
[SourceDate "2021.10.06"]
[SourceVersion "1"]
[SourceVersionDate "2021.10.06"]
[SourceQuality "1"]
[WhiteTeam "Forchheim SC U14"]
[BlackTeam "Neubrandenburg SG Eintracht U14"]
[WhiteTeamCountry "GER"]
[BlackTeamCountry "GER"]

1. e4 e5 2. Bc4 Nc6 3. Nf3 Bc5 4. c3 Nf6 5. d3 d6 6. 0-0 Bg4 7. Nbd2 Qd7 8. Bb3 0-0 9. Re1 Ne7 10. Nf1 h6 11. h3 Bxf3 12. Qxf3 Nh7 13. Rd1 Ng6 14. d4 exd4 15. cxd4 Bb6 16. Ng3 Rae8 17. Be3 c6 18. Bc2 Ne7 19. Re1 d5 20. e5 f5 21. Rad1 Rf7 22. Bxh6 Nf8 23. Bg5 g6 24. Bf6 Ne6 25. h4 Nxd4 26. Rxd4 1-0

[Event "GER-chT DLM U20"]
[Site "Wismar"]
[Date "2009.10.01"]
[Round "4"]
[White "Ludwig, Jan"]
[Black "Stoevesand, Eric"]
[Result "1/2-1/2"]
[WhiteElo "1933"]
[BlackElo "1847"]
[PlyCount "68"]
[EventDate "2009.09.30"]
[EventType "team-swiss"]
[EventRounds "7"]
[EventCountry "GER"]
[SourceTitle "CBM 132 Extra"]
[Source "ChessBase"]
[SourceDate "2009.11.03"]
[SourceVersion "1"]
[SourceVersionDate "2009.11.03"]
[SourceQuality "1"]
[WhiteTeam "Hamburg U20"]
[BlackTeam "Mecklenburg-Vorpommern U20"]
[WhiteTeamCountry "GER"]
[BlackTeamCountry "GER"]

1. e4 e5 2. Nf3 Nc6 3. d4 exd4 4. Nxd4 Bc5 5. Be3 Qf6 6. Nb5 Bxe3 7. fxe3 Qh4+ 8. g3 Qd8 9. Qg4 g6 10. Qf4 d6 11. N1c3 a6 12. Nd4 Ne5 13. Bg2 Be6 14. 0-0 Qe7 15. Nxe6 fxe6 16. a4 0-0-0 17. b4 g5 18. Qf2 h5 19. h3 Rh7 20. Qe2 Rf8 21. a5 c6 22. Na4 g4 23. Rxf8+ Qxf8 24. h4 Rf7 25. c4 Nf3+ 26. Bxf3 Rxf3 27. Kg2 Nf6 28. Rf1 Nxe4 29. Nb6+ Kd8 30. Rxf3 Qxf3+ 31. Qxf3 gxf3+ 32. Kxf3 Nf6 33. Kf4 Ng4 34. e4 Nf2 1/2-1/2

[Event "GER-ch U25 op"]
[Site "Willingen"]
[Date "2009.06.02"]
[Round "4"]
[White "Hinz, Arne"]
[Black "Stoevesand, Eric"]
[Result "1-0"]
[WhiteElo "1965"]
[BlackElo "1805"]
[PlyCount "79"]
[EventDate "2009.05.30"]
[EventType "swiss"]
[EventRounds "9"]
[EventCountry "GER"]
[SourceTitle "EXT 2010"]
[Source "ChessBase"]
[SourceDate "2010.11.25"]
[SourceVersion "1"]
[SourceVersionDate "2010.11.25"]
[SourceQuality "1"]

1. e4 e5 2. Nf3 Nc6 3. Bb5 a6 4. Ba4 Nf6 5. 0-0 b5 6. Bb3 Be7 7. Re1 d6 8. h3 0-0 9. c3 Na5 10. Bc2 c5 11. d4 Qc7 12. Nbd2 cxd4 13. cxd4 Bd7 14. Bd3 Nc6 15. Nb3 Nb4 16. Bb1 Nc6 17. d5 Nd8 18. Be3 a5 19. Bd3 a4 20. Rc1 Qb8 21. Na1 Nb7 22. Qe2 Nc5 23. Bg5 h6 24. Bd2 Ne8 25. g4 h5 26. gxh5 Bxh3 27. Ng5 Qc8 28. Nxh3 Qxh3 29. Bxb5 Nf6 30. Rc3 Qxh5 31. Qxh5 Nxh5 32. Rh3 Nf6 33. Bg5 Nxd5 34. Bc6 Rab8 35. Bxd5 Bxg5 36. b3 axb3 37. Nxb3 Na4 38. Na5 Bd2 39. Nc6 Bxe1 40. Ne7# 1-0